000 01001nam0a22002771 4500
001 v19\rc\1304224
005 20250618031209.0
035 _a(NLR Aleph) 004462247
090 _a4523646
_c4523646
100 _a20060512d1897 |||y0rusy50 ca
101 0 _arus
102 _aRU
105 _ay j |||||
200 1 _aСборник статей, как приложение к учебнику теории словесности
205 _a4-е изд. Ч. 1-2
210 _aМосква
_cА.Я. Панафидин
_d1897
215 _a2 т.
_d22
300 _aПеред загл. авт. - П. Смирновский
532 1 3 _aСборник статей, как приложение к учебнику теории словесности
700 1 _aСмирновский
_bП.В.
_f1846-1904
_gПетр Владимирович
801 0 _aRU
_bNLR
_gpsbo
801 1 _aRU
_bProSoft-M
_2rusmarc
852 _aNLR
_j18.60.5.34(ч. 1-2)
942 _cBOOK
980 _aNB